Tractatus logico-philosophicus / (Record no. 128007)
[ view plain ]
| 000 -LEADER | |
|---|---|
| fixed length control field | 01550cam a22003614a 4500 |
| 001 - CONTROL NUMBER | |
| control field | 12428903 |
| 003 - CONTROL NUMBER IDENTIFIER | |
| control field | ARRUPE |
| 005 - DATE AND TIME OF LATEST TRANSACTION | |
| control field | 20180614122954.0 |
| 008 - FIXED-LENGTH DATA ELEMENTS--GENERAL INFORMATION | |
| fixed length control field | 010601r20011975nyua 001 0 eng |
| 010 ## - LIBRARY OF CONGRESS CONTROL NUMBER | |
| LC control number | 2001041223 |
| 020 ## - INTERNATIONAL STANDARD BOOK NUMBER | |
| International Standard Book Number | 0415255627 |
| 020 ## - INTERNATIONAL STANDARD BOOK NUMBER | |
| International Standard Book Number | 0415254086 (pbk.) |
| 040 ## - CATALOGING SOURCE | |
| Original cataloging agency | DLC |
| Transcribing agency | DLC |
| Modifying agency | DLC |
| 041 1# - LANGUAGE CODE | |
| Language code of text/sound track or separate title | eng |
| Language code of original and/or intermediate translations of text | ger |
| 042 ## - AUTHENTICATION CODE | |
| Authentication code | pcc |
| 050 00 - LIBRARY OF CONGRESS CALL NUMBER | |
| Classification number | B3376.W563 |
| Item number | T7313 2001 |
| 082 00 - DEWEY DECIMAL CLASSIFICATION NUMBER | |
| Classification number | 192 |
| Edition number | 21 |
| 300 ## - PHYSICAL DESCRIPTION | |
| Other physical details | ill. ; |
| Dimensions | 21 cm. |
| 100 1# - MAIN ENTRY--PERSONAL NAME | |
| Personal name | Wittgenstein, Ludwig, |
| Dates associated with a name | 1889-1951. |
| 9 (RLIN) | 41746 |
| 240 10 - UNIFORM TITLE | |
| Uniform title | <a href="Tractatus logico-philosophicus.">Tractatus logico-philosophicus.</a> |
| Language of a work | English |
| 245 10 - TITLE STATEMENT | |
| Title | Tractatus logico-philosophicus / |
| Statement of responsibility, etc | Ludwig Wittgenstein ; translated by D.F. Pears and B.F. McGuinness ; with an introduction by Bertrand Russell. |
| 260 ## - PUBLICATION, DISTRIBUTION, ETC. (IMPRINT) | |
| Place of publication, distribution, etc | London : |
| -- | New York : |
| Name of publisher, distributor, etc | Routledge, |
| Date of publication, distribution, etc | c2001. |
| 300 ## - PHYSICAL DESCRIPTION | |
| Extent | xxv, 106 p. : |
| 440 #0 - SERIES STATEMENT/ADDED ENTRY--TITLE | |
| Title | Routledge classics |
| 9 (RLIN) | 33080 |
| 500 ## - GENERAL NOTE | |
| General note | Originally published: 1975. |
| 500 ## - GENERAL NOTE | |
| General note | Includes index. |
| 650 #0 - SUBJECT ADDED ENTRY--TOPICAL TERM | |
| Topical term or geographic name as entry element | Logic, Symbolic and mathematical. |
| 9 (RLIN) | 41747 |
| 650 #0 - SUBJECT ADDED ENTRY--TOPICAL TERM | |
| Topical term or geographic name as entry element | Language and languages |
| General subdivision | Philosophy. |
| 9 (RLIN) | 41748 |
| 700 1# - ADDED ENTRY--PERSONAL NAME | |
| Personal name | Pears, David, |
| Dates associated with a name | 1921-2009. |
| 9 (RLIN) | 34035 |
| 700 1# - ADDED ENTRY--PERSONAL NAME | |
| Personal name | McGuinness, Brian. |
| 9 (RLIN) | 29756 |
| 856 42 - ELECTRONIC LOCATION AND ACCESS | |
| Materials specified | Publisher description |
| Uniform Resource Identifier | <a href="http://www.loc.gov/catdir/enhancements/fy0650/2001041223-d.html">http://www.loc.gov/catdir/enhancements/fy0650/2001041223-d.html</a> |
| 856 42 - ELECTRONIC LOCATION AND ACCESS | |
| Materials specified | Contributor biographical information |
| Uniform Resource Identifier | <a href="http://www.loc.gov/catdir/enhancements/fy1101/2001041223-b.html">http://www.loc.gov/catdir/enhancements/fy1101/2001041223-b.html</a> |
| 906 ## - LOCAL DATA ELEMENT F, LDF (RLIN) | |
| a | 7 |
| b | cbc |
| c | orignew |
| d | 1 |
| e | ocip |
| f | 20 |
| g | y-gencatlg |
| 942 ## - ADDED ENTRY ELEMENTS (KOHA) | |
| Source of classification or shelving scheme | Library of Congress Classification |
| Koha item type | Monograph ( Printed materials) |
| Withdrawn status | Lost status | Source of classification or shelving scheme | Damaged status | Not for loan | Collection code | Home library | Current library | Shelving location | Date acquired | Total Checkouts | Full call number | Barcode | Date last seen | Date checked out | Price effective from | Koha item type |
|---|---|---|---|---|---|---|---|---|---|---|---|---|---|---|---|---|
| Library of Congress Classification | Main Collection | ARRUPE LIBRARY | ARRUPE LIBRARY | Main Collection | 14/06/2018 | 2 | B3376.W563 T7313 2001 | 46500006895 | 28/10/2019 | 08/10/2019 | 14/06/2018 | Monograph ( Printed materials) |